Central Library OPAC University of Rajshahi

The principles of economic planning : (Record no. 47971)

MARC details
000 -LEADER
fixed length control field 00625nam a2200205 a 4500
001 - CONTROL NUMBER
control field 47971
003 - CONTROL NUMBER IDENTIFIER
rucl marc code BD-RjUL
005 - DATE AND TIME OF LATEST TRANSACTION
control field 20211209054431.0
008 - FIXED-LENGTH DATA ELEMENTS--GENERAL INFORMATION
fixed length control field 160811m19631949enk 000 0 eng d
035 ## - SYSTEM CONTROL NUMBER
System control number (BD-RjUL)48090
040 ## - CATALOGING SOURCE
Original cataloging agency DLC
Transcribing agency DZM
Modifying agency EQO
-- BD-RjUL
Language of cataloging eng
041 ## - LANGUAGE CODE
Language code of text/sound track or separate title eng
082 ## - DEWEY DECIMAL CLASSIFICATION NUMBER
Classification number 338.91
Edition number 23
Author mark and year LEP 1963
100 1# - MAIN ENTRY--PERSONAL NAME
Personal name Lewis, W. Arthur
9 (RLIN) 145532
245 14 - TITLE STATEMENT
Title The principles of economic planning :
Remainder of title a study prepared for the Fabian Society /
Statement of responsibility, etc. W. Arthur Lewis
260 ## - PUBLICATION, DISTRIBUTION, ETC. (IMPRINT)
Place of publication, distribution, etc. London :
Name of publisher, distributor, etc. D. Dobson,
Date of publication, distribution, etc. 1949, [7th Impression 1963]
300 ## - PHYSICAL DESCRIPTION
Pagination 128 p. ;
Size 22 cm.
650 #0 - SUBJECT ADDED ENTRY--TOPICAL TERM
Topical term or geographic name as entry element Economic policy
9 (RLIN) 145533
942 ## - ADDED ENTRY ELEMENTS (KOHA)
Source of classification or shelving scheme Dewey Decimal Classification
Koha item type Books
Holdings
Lost status Source of classification or shelving scheme Damaged status Not for loan Collection code Permanent Location Current Location Shelving location Date acquired Source of acquisition Cost, normal purchase price Total Checkouts Full call number Date last seen Copy number Koha item type
  Dewey Decimal Classification     Non-fiction Central Library, University of Rajshahi Central Library, University of Rajshahi   22/05/1964 Thomas and Tho 10.00   338.91 LEP 1963 11/08/2016 C-2 Books